00330nam a2200121 a 45000010005000000030005000050050017000100080041000270400020000681000030000882450076001182600014001942461CDMR20130116135232.0130130s ||||||||||||||||||||||||||||d aCDMRbcatcCDMR1 aMarques Bosch, Juan Bosco14aLas peculiaridades de la prensa menorquina...cJuan Bosco Marques Bosch aBarcelona